Statystyki dla Odgadnij markę samochodu po wskazówce-quiz o samochodzie #25

Kliknij tutaj aby rozwiązać quiz!

Ogólne statystyki

  • Ten quiz został rozwiązany 4 razy
  • Średni wynik to 5 z 7

Statystyki odpowiedzi

WskazówkaMarka% Poprawnych
Ten samochód przechodzi pierwszy na myśł
kiesy mówi się o Włoskich samochodach
Ferrari/Lamborghini
100%
Ten Bawarski samochód jest znany nawet jeżeli nie
jesteś samochodziarzem i jest konkurentem Mercedes
BMW
100%
Marka tego samochodu została sfilmowana w filmie
Szybcy i wściekli jako samochód Dominica Toretto
Dodge
100%
Ta marka samochodu słynie z tego że jest największym
producentem samochodów na świecie i z samochodu który
ma model pod nazwą Supra
Toyota
100%
Przede wszystkim ten
Szwedski samochód kojarzy
się z szybkośćią i z rekordem szybkośći
Koenigsegg
67%
Tej marki był pierwszy samochód na świecieMercedes
67%
Jeden z samochodów tej marki postawił rekord
rozpędziłszy się do 273 km/h jedząc do tyłu
Hennessey
0%

Rozkład punktacji

Percentyl według liczby udzielonych odpowiedzi

Procent ludzi z każdym wynikiem

Twoja historia wyników

Nie rozwiązałeś tego quizu